000 00502nam a2200193Ia 4500
005 20250326141625.0
008 250326s9999 xx 000 0 und d
037 _aTextbook
040 _aFMSL
_beng
_cFMSL
041 _aeng
_2eng
084 _qFMSL
100 _aNABHI'S
245 0 _aHow to borrow from ficial & Banking institutions
_cNABHI'S
250 _a3rd
260 _aNew Delhi
_bNew Delhi, Nabhis Publications
_c1991
300 _a535p
942 _cTB
999 _c1291194
_d1291194